000 00693nam a2200229 a 4500
001 BRCA_5264
005 20190320205017.0
008 771005s1971####enka#####b---#001-0#eng-#
041 _aeng
044 _aenk
050 4 _aNK7484
_b.C86 1971
100 1 _aCumhaill, P. W.
_913483
245 1 0 _aInvesting in Clocks and Watches
_cP. W. Cumhaill.
260 _aLondres
_bBarrie & Rockliff
_c1971
300 _a159 p.
_bil. (algunas a color)
_c28 cm.
500 _aIncluye índice alfabético
500 _aDonación Dr. Héctor Rivero Borrell Vázquez
504 _aBibliografía: p. [137]-152
650 1 4 _aRelojes
_eColección
_xHistoria
_zLondres
_913484
902 _aDHR
942 _2lcc
_cB
999 _c4958
_d4958